[Event "Dortmund SuperGM 40th"]
[Site "Dortmund"]
[Date "2012.07.17"]
[Round "5"]
[White "Caruana, Fabiano"]
[Black "Gustafsson, Jan"]
[Result "1-0"]
[WhiteElo "2775"]
[BlackElo "2629"]
[Annotator "Marin,M"]
[PlyCount "69"]
[EventDate "2012.07.13"]
[EventType "tourn"]
[EventRounds "9"]
[EventCountry "GER"]
[EventCategory "19"]
[SourceTitle "CBM 150"]
[Source "ChessBase"]
[SourceDate "2012.09.14"]
[SourceVersion "1"]
[SourceVersionDate "2012.09.14"]
[SourceQuality "1"]

1. e4 e5 2. Nf3 Nc6 3. Bb5 a6 4. Ba4 Nf6 5. O-O Be7 6. d3 d6 7. c3 O-O 8. Re1
b5 9. Bc2 d5 {The most active reaction against the solid, but modest looking
bishop retreat to c2.} 10. Nbd2 {White keeps the position closed, hoping to
outplay his opponent in a middlegame with all the pieces on the board.} ({
The main alternative is} 10. exd5 Qxd5 {In practice, White has not achieved
much, since the queen's vulnerability in the centre is compensated for by
Black's space advantage and the relative weakness of the d3-pawn. Here are two
games between two classic players, from one of the first editions of the
candidates' tournament.} 11. Nbd2 (11. Bg5 Bg4 12. Nbd2 Rad8 13. Qe2 Rfe8 $11 {
Pilnik,H-Geller,E/Helsinki 1952/MCD (1/2, 22)}) 11... Bb7 12. Ne4 Rae8 {
The start of a somewhat clumsy regrouping.} (12... Rad8 13. Be3 Nxe4 14. dxe4
Qe6 $11) 13. Be3 Kh8 {Pilnik,H-Geller,E/Amsterdam 1956/Candidates (1/2, 62)}
14. b4 $5 $14 {[%cal Gc2b3,Ge4c5]}) 10... dxe4 {AIming for plain equality.} ({
The ambitious} 10... d4 {is not popular but worked out well in the following
game:} 11. cxd4 exd4 12. a3 Nd7 13. Nf1 Nde5 14. Nxe5 Nxe5 15. f4 Ng6 16. Ng3
c5 $132 {Efimenko,Z (2682)-Onischuk,A (2684)/Poikovsky 2009/CBM 131 (0-1, 35)})
11. dxe4 Be6 12. Qe2 {Targetting b5 and preparing the knight transfer to g3
without allowing the queen exchange.} ({For} 12. h3 {see Carlsen,M (2823)
-Aronian,L (2807)/Sao Paulo/Bilbao 2011/CBM 145/[Moradiabadi] (1/2, 56)}) 12...
Bc5 $146 {A seemingly active move, which does not seem the most appropriate,
though.} (12... Qb8 13. a4 b4 $5 {Quite a committal move. It is interesting to
see how Black will manage to neutralize White's pressure on the weakened
queenside squares.} (13... Qb7 $5) 14. Nc4 Nd7 15. Ng5 Bxg5 16. Bxg5 Nb6 17.
Nd2 bxc3 18. bxc3 Na5 19. Be7 Re8 20. Bb4 Nbc4 21. Nxc4 Bxc4 22. Qe3 Qb6 23.
Qxb6 cxb6 $11 {Palac,M (2562)-Binder,M (2270)/Oberwart 2010/CBM 137 Extra (1/2,
69)}) (12... Qc8 13. Nf1 $6 {Allowing unfavourable simplifications.} Bc4 14.
Bd3 (14. Qd1 Rd8 15. Bd2 Bc5 $36) 14... Bxd3 15. Qxd3 Rd8 16. Qc2 Qe6 17. Ne3
h6 18. Nf5 Bf8 19. h3 Qc4 20. Qb1 Rd7 21. b3 Qd3 $132 {Motylev,A (2683)
-Smirnov,P (2599)/Sochi 2012/CBM 148 (1/2, 46)}) 13. b4 Ba7 14. a4 Nh5 {
For the time being, it seems that Black has active play, but his initiative
will be extinguished soon. Quite a typical pattern for these almost
symmetrical positions which can arise from the d2-d3 Spanish as well as from
the Gioco Pianissimo.} 15. Nf1 Bc4 16. Qd1 Qf6 {Quite an ambitious move, but
in the long run the queen will be Black's most exposed piece.} ({Playing for
equality with} 16... Qxd1 17. Bxd1 Rfd8 {might have been better.}) 17. Bg5 $5 {
Driving the queen away from the control of the f4-square before gaining the
bishop pair with Nf1-e3.} ({Caruana probably was afraid that after} 17. Ne3
Bxe3 18. Bxe3 Rad8 19. Qc1 Nf4 20. Bxf4 Qxf4 21. Qxf4 exf4 22. e5 {his
advantage would be rather symbolic.}) 17... Qg6 18. Ne3 Bxe3 19. Bxe3 Rad8 $6 {
With hindsight, this looks like the main cause of Black's future problems.} ({
With the queen on g6 the knight move} 19... Nf4 $2 {is simply bad:} 20. Bxf4
exf4 21. axb5 axb5 22. Rxa8 Rxa8 23. e5 $36) (19... Rfd8 {may be better, in
the way that it does not give up the control of the a-file, but after} 20. Qc1
{Black would be short of constructive plans anyway. He probably should play a
generally useful move such as} h6 {, hoping that White will not find an easy
way to imrpove his position.}) 20. Qc1 Rfe8 21. axb5 axb5 22. Ra6 Rd6 23. h3
$14 {An useful move, threatening Nh4-f5 without allowing ...Qg4.} Nd4 $6 {
Black overestimates the dynamic potential of his position.} ({He should have
simply parried the threat, kindly passing to his opponent the turn to come up
with something concrete.} 23... Qf6 $5 $14) 24. Nxe5 $1 ({The best, but
actually, even the simple} 24. cxd4 $6 Rxa6 25. dxe5 {[%csl Gh5] looks
threatening. The h5-knight is in big danger.}) 24... Nf3+ $5 {The only way to
avoid heavy material losses.} 25. Nxf3 Rxa6 26. e5 ({And once again there
seems to be more than one road leading to Rome, but the last move is an
inaccuracy. In this case, Caruana misses the objectively stronger} 26. g4 $5 {
/\e5, /\Nh4, פh5} Ra2 27. Bb1 (27. Nh4 $5) 27... Re2 28. Rxe2 Bxe2 29. Nh4 Qe6
30. Nf5 Nf6 31. Bd4 $40) 26... Qc6 (26... Bd3 27. Bb3 $5) 27. Nd4 Qa8 $2 {
Missing an unexpected chance.} (27... Qd7 $1 28. g4 $6 (28. Bf5 $36) 28... Rxe5
29. gxh5 Qxh3 30. Bf4 {would have allowed a fantastic way of giving perpetual
check after sacrificing all but one of Black's pieces:} Bf1 $1 31. Rxf1 Rg5+
32. Bxg5 Qg4+ 33. Kh2 Rh6 $3 (33... Qxh5+ 34. Kg3 $18) 34. Bxh6 Qh4+ $11) 28.
g4 $16 {Just winning material.} Rxe5 29. gxh5 Rxh5 30. Bf4 {There is no real
counterplay available with the queen on a8.} g6 (30... Rxh3 31. Be4 $16) 31.
Qe3 Ra1 $2 {Missing the next move.} 32. Bd1 $1 $18 {[%cal Gd1h5,Ge3e8]} c5 33.
bxc5 Rxc5 34. Bh6 Rc8 35. Nf5 1-0

[Event "RUS-ch Superfinal"]
[Site "Moscow"]
[Date "2006.12.05"]
[Round "3"]
[White "Jakovenko, Dmitrij"]
[Black "Inarkiev, Ernesto"]
[Result "1-0"]
[WhiteElo "2671"]
[BlackElo "2628"]
[Annotator "Marin,M"]
[PlyCount "127"]
[EventDate "2006.12.03"]
[EventType "tourn"]
[EventRounds "11"]
[EventCountry "RUS"]
[EventCategory "15"]
[SourceTitle "CBM 116"]
[Source "ChessBase"]
[SourceDate "2007.02.01"]
[SourceVersion "1"]
[SourceVersionDate "2007.02.01"]
[SourceQuality "1"]

1. e4 e5 2. Nf3 Nc6 3. Bb5 a6 4. Ba4 Nf6 5. O-O Be7 6. d3 d6 7. c3 O-O 8. Re1
Re8 ({This is not a bad move, but generally speaking this is a good moment for
forcing White make a decision about his bishop with} 8... b5 9. Bb3 (9. Bc2 {
is more passive and allows} d5) 9... Na5 10. Bc2 c5) 9. d4 {This might seem as
a loss of tempo if compared to the main lines of the Ruy Lopez, but we shall
see soon that things are far from one-sided.} ({The slower} 9. Nbd2 {is more
consequent with White's opening choice.} Bf8 10. Nf1 (10. d4 exd4 11. cxd4 b5
12. Bc2 Bg4 13. h3 Bh5 14. Nf1 d5 15. e5 Ne4 16. Ng3 Nxg3 17. fxg3 Nb4 18. Bb1
c5 $132 {Vallejo Pons,F (2677)-Cabrera,A (2502)/Albox 2005/CBM 106 ext (0-1,
66)}) 10... Bd7 (10... g6 11. h3 Bd7 12. Ng3 Bg7 13. d4 b5 14. Bc2 Qb8 15. Bg5
h6 16. Be3 a5 17. Qd2 Kh7 18. d5 Ne7 19. b3 c6 20. c4 Nc8 21. Bd3 cxd5 22. cxd5
Nb6 23. Rac1 Nbxd5 24. exd5 e4 25. Nxe4 Nxe4 26. Bxe4 Rxe4 27. Bd4 Rxe1+ 28.
Rxe1 Qd8 29. Qf4 Be8 30. h4 $16 {Ye Jiangchuan (2540)-Graf,A (2565)/Kuala
Lumpur 1993/EXT 98 (1-0, 47)}) 11. Ng3 h6 12. h3 Ne7 13. Bc2 Ng6 14. d4 c5 15.
Be3 Bc6 16. Nd2 (16. d5 Bd7 17. b4 $14) 16... cxd4 17. cxd4 d5 $11 {Dvoirys,S 
(2525)-Arbakov,V (2450)/Smolensk 1991/EXT 2000 (0-1, 55)}) 9... Bd7 (9... b5
10. Bc2 (10. Bb3 {would make White's loss of time quite real compared to C91.
Black has got the generally useful tempo ...Re8 for free.}) 10... Bg4 {This
looks like the most consistent move, but it is not entirely clear whether it
is the best.} (10... exd4 {should be avoided because it helps White clear the
c3-square for his knight.} 11. cxd4 Bg4 12. Nc3 $14 {Sutovsky,E (2674)
-Stefansson,H (2579)/Saint Vincent 2005/CBM 110/[Erenburg] (1-0, 44)}) ({
However, Black could ignore the fact that White has not played h3. After all,
he might have to play it at a later stage anyway, for such purposes of playing
Nh2 and then the loss of tempo could make itself felt.} 10... h6 11. Nbd2 Bf8
12. Nf1 exd4 13. Nxd4 Nxd4 14. cxd4 c5 15. dxc5 dxc5 {1/2-1/2 Schoeneberg,
M-Vogt,L/Erfurt 1973/EXT 99}) 11. d5 Na5 {This position can be reached via C91
move order if Black plays the rare 11...Re8 instead of the more common ...c6.
The loss of time caused by the d-pawn is neutralised by the fact that the
bishop has retreated to c2 in one move only.} (11... Nb8 12. a4 Nbd7 13. h3 Bh5
14. Nbd2 Qc8 15. Nf1 c6 16. dxc6 Qxc6 17. Ng3 Bg6 18. Nh4 $14 {Lutikov,
A-Fahnenschmidt,G/Hamburg 1965/EU-chT (1-0, 38)}) 12. h3 $6 ({After this move,
...Re8 becomes fully justified.} 12. Nbd2 {would be much stronger, intending
to answer} c6 $6 {with} 13. b4 $16) 12... Bd7 {Now, everything is OK for Black.
If he had played ...c6 instead of ...Re8, White could have played 13.Nxe5 now,
because the e7-bishop has no squares to retreat after 13...dxe5 14.d6. This is
why in C91 Black retreats with his bishop to c8 (if he does not want to give
it away with ...Bxf3).} 13. Nbd2 c6 14. dxc6 Bxc6 15. Nf1 Qc7 {1/2-1/2
Schoeneberg,M-Knaak,R (2450)/Goerlitz 1972/EXT 2002}) 10. d5 {In the structure
arising after this move, Black usually looks for counterplay based on the
advance of the f-pawn. Therefore, the rook does not stand too well on e8. If
Black will later play ...Rf8, we could safely state that d2-d3-d4 has
eventually yielded White an... extra-tempo. However, if Black will find a
favourable (useful) way to play ...Kh8 and ...Rg8, things would be more or
less "normal" from the point of view of the consumed tempi.} ({In case of the
more restrained} 10. Nbd2 {Black could put up pressure on the e4-pawn with} Bf8
{, preventing the immediate transfer of the knight to f1-g3. In this case, the
presence of the rook on d8 would be relatively useful. Besides, after} 11. d5 {
Black has} Ne7 {/\...Ng6 already, achieving a comfortable kingside regroupment.
}) 10... Nb8 11. Bxd7 Nbxd7 {If compared with a King's Indian, White will find
it more difficult to carry out his queenside attack with c4-c5, because the
black bishop supports the d7-knight in his efforts to protect the c5-square.}
12. c4 g6 {[%cal Yf6h5,Yh5g7,Gf7f5] The regrouping initiated with this move is
typical for the Old (or Czech) Benoni.} 13. Nc3 Nh5 14. Rb1 Ng7 15. b4 b6 {
This move speaks about Black's desire to play on both wings.} ({Otherwise, he
could have played} 15... f5 {[%cal Yf5f4,Yg6g4,Yg8h8,Ye8g8]}) 16. a4 (16. Nd2
$5 {[%cal Yd2b3,Yc1e3]}) 16... a5 $1 {Now, Black gets some stability on the
queenside.} 17. bxa5 Rxa5 18. Nd2 Nc5 19. Ba3 Nb7 20. Bb4 Ra7 21. Ra1 Qd7 22.
Nb3 Rea8 {Black has regrouped in a harmonious way and should count on equality.
} 23. Qd2 f5 (23... Qd8 $5 {[%cal Ye7g5,Yf7f5]} 24. f4 $5 (24. a5 $6 {loses a
pawn to} bxa5 25. Nb5 Bg5 $1 {because the only ay to maintain the queen on the
e1-a5 diagonal} 26. Qc3 $2 {is bad in view of} axb4 $19) 24... Nh5 {and White
has problems maintaining things under control on the kingside with all his
pieces massed on the other wing.} (24... exf4 $6 25. Nd4 $14)) 24. f4 {The
standard reaction, preventing Black from winningmore space on the kingside.}
Bf6 25. exf5 gxf5 26. fxe5 dxe5 $13 {White has an advantage of space, but the
pair of central pawns offers Black good counterplay in the centre and,
eventually, against the poorly defended white king.} 27. Rf1 Nd6 {The desire
to install this knight on such a stable square is understandable, but maybe it
would have made sense postponing the moment when the c5-square is left without
defenders.} (27... e4 $5 28. Nd4 $2 Bxd4+ 29. Qxd4 c5 $19) (27... Be7 $5) 28.
c5 bxc5 29. Nxc5 Qf7 30. a5 Rb8 31. Rab1 e4 32. a6 Qe7 $2 (32... Be5 33. N3xe4
Nxe4 34. Nxe4 Qh5 35. Ng3 Bxg3 36. hxg3 Rxa6 37. Bc3 $16 {[%csl Gg7][%cal
Ya1h8]}) (32... Nc4 33. Qe2 Bd4+ 34. Kh1 Ne3 $132) 33. N5xe4 $1 Rba8 (33...
fxe4 34. Bxd6 $18 {[%csl Gb8]}) 34. Nc5 $18 Bg5 35. Rfe1 Bxd2 36. Rxe7 Rb8 37.
Ba3 Rxb1+ 38. Nxb1 Ba5 39. Kf1 Nge8 40. Ke2 Bb6 41. Nc3 Nf6 42. Ne6 Nfe8 43.
Na4 Rxa6 44. Bxd6 Nxd6 45. Nxb6 Rxb6 46. Rg7+ Kh8 47. Rxc7 h6 48. Kf3 Rb2 49.
Kf4 Re2 50. h3 Kg8 51. Rg7+ Kh8 52. Rg6 Re4+ 53. Kg3 Re3+ 54. Kh4 Nf7 55. Rf6
Kg8 56. Rxf5 Rd3 57. Nf4 Re3 58. g4 Kg7 59. Nh5+ Kg8 60. Rf6 Kf8 61. Ng3 Kg7
62. Nf5+ Kxf6 63. Nxe3 Ng5 64. d6 1-0

[Event "Reggio Emilia 54th"]
[Site "Reggio Emilia"]
[Date "2011.12.30"]
[Round "4"]
[White "Ivanchuk, Vassily"]
[Black "Morozevich, Alexander"]
[Result "1-0"]
[WhiteElo "2775"]
[BlackElo "2762"]
[Annotator "Marin,M"]
[PlyCount "103"]
[EventDate "2011.12.27"]
[EventType "tourn"]
[EventRounds "10"]
[EventCountry "ITA"]
[EventCategory "20"]
[SourceTitle "CBM 146"]
[Source "ChessBase"]
[SourceDate "2012.01.18"]
[SourceVersion "1"]
[SourceVersionDate "2012.01.18"]
[SourceQuality "1"]

1. e4 e5 2. Nf3 Nc6 3. Bb5 a6 4. Ba4 Nf6 5. O-O Be7 6. d3 b5 7. Bb3 d6 8. a4
Bd7 9. c3 ({For the rather unusual} 9. Be3 $5 {see Sutovsky,E (2696)-Adams,M 
(2734)/Porto Carras 2011/CBM 146 [Sutovsky] (1/2, 36)}) 9... O-O {The most
flexible move. As far as I can understand, Black is waiting for Nbd2 in order
to start his counterplay in the spirit of the Chigorin Defence, with ...Na5
and ...c5.} (9... Na5 10. Bc2 c5 11. d4 {Pilnik,H-Trifunovic,P Buenos Aires
1955 (1-0, 40)}) ({I do not see the usefulness of} 9... h6 {at this stage of
the game.} 10. Nbd2 ({What about if} 10. Bc2 $5 {as in the main game?}) 10...
Na5 11. Bc2 c5 12. d4 cxd4 13. cxd4 Qc7 {With the knight on b1, this could be
met with Nc3.} 14. b3 ({I would prefer the more radical method, which used to
be part of Tal's and Fischer's arsenal,} 14. b4 $5 Nc6 15. Bb3 {[%cal Gc6b4,
Gb3f7]} O-O 16. Bb2 $36) 14... Rc8 15. Bb1 bxa4 16. bxa4 exd4 17. Bb2 O-O 18.
Bd3 Nc6 19. Bxa6 Rb8 20. Qc1 Qa7 21. Bb5 Rfc8 $13 {Naiditsch,A (2706)-Atalik,S
(2619)/Eretria 2011 (1/2, 61)}) 10. Bc2 $5 {With the clear intention to forget
about ...Na5 and the Chigorin structures once and for ever. However, this move
releases the pressure against the d5-square.} (10. Nbd2 Na5 11. Ba2 c5 {
Svidler,P (2738)-Jakovenko,D (2709)/Moscow 2008/CBM 127/[Knaak] (1-0, 35)})
10... b4 {An ambitious, but slightly committal move, weakening the light
squares.} (10... d5 11. Nbd2 dxe4 12. dxe4 Bd6 13. b4 Ne7 14. Ba3 a5 $11 {
Svidler,P (2726)-Akopian,V (2696)/Nalchik 2009/CBM 130 (1/2, 22)}) (10... Re8 {
also led to entirely satisfactory positions in a series of recent games:} 11.
Nbd2 (11. Re1 Rb8 12. h3 Bf8 13. axb5 axb5 14. Bg5 h6 15. Bh4 g6 16. Nbd2 Bg7
17. Nf1 Ra8 18. Qd2 Rxa1 19. Rxa1 b4 {Timofeev,A (2651)-Karjakin,S (2723)/
Khanty Mansiysk 2009/CBM 134 (1/2, 26)} 20. Ne3 $14 {/=}) 11... Bf8 12. Re1 h6
13. h3 (13. Nf1 d5 14. exd5 Nxd5 15. Ng3 Nb6 16. axb5 {1/2 Fressinet,L (2667)
-Kritz,L (2589)/Biel 2009/CBM 131 Extra}) 13... Ne7 14. d4 Ng6 15. Nf1 c5 16.
d5 Nh7 17. Be3 Be7 18. b4 c4 19. Qd2 Ng5 20. N1h2 Nxf3+ 21. Nxf3 Nh4 22. Nxh4
Bxh4 23. Ra3 a5 $1 $11 {Karjakin,S (2788)-Leko,P (2717)/Ningbo 2011/CBM 144 (1/
2, 30)}) 11. Re1 $146 (11. Nbd2 {allows} d5 12. Re1 bxc3 13. bxc3 Re8 14. Nf1
h6 15. Ne3 Be6 16. exd5 Nxd5 17. Nxd5 Qxd5 18. d4 exd4 19. Be4 Qc4 20. cxd4 Bd5
$11 {/=/+ Bruzon Bautista,L (2622)-Svidler,P (2727)/Dresden 2008/CBM 128 (0-1,
38)}) 11... Re8 ({One important question is whether after} 11... d5 {White can
really take the pawn with} 12. exd5 Nxd5 13. Nxe5 Nxe5 14. Rxe5 {Marshall
specialists will know whether this offers sufficient compensation for Black.
However, Morozevich is not one of them. He prefers slow regrouping in the
spirit of the Zaitsev variation, which he plays constantly.}) 12. h3 Bf8 13.
Nbd2 g6 14. Nc4 {/\d4, /\Bb3} bxc3 {It looks logical to create a relative
weakness on c3 before developing the bishop in fianchetto.} (14... Bg7 15. d4
$5 bxc3 (15... exd4 16. cxd4 d5 17. Ncd2 dxe4 18. Nxe4 Nxe4 19. Bxe4 $14) 16.
dxe5 $1 (16. bxc3 exd4 17. cxd4 Nb4 $132) 16... Nxe5 17. Ncxe5 dxe5 18. bxc3
$14) 15. bxc3 d5 {But this does not seem consequent. What did he need ...g6
for if he intended to open the centre anyway?} (15... Bg7 $5) 16. Ne3 $1 (16.
exd5 Nxd5 {[%csl Gc3]}) 16... dxe4 (16... Be6 17. a5 $14) (16... d4 17. Nd5 $14
) 17. dxe4 $14 {The structure is symemtrical, but White's position remains
more pleasant. One important element is his better control in the centre. The
d4-square is well covered, but the d5-square is not.} Na5 18. Qe2 Nh5 19. Rd1
$1 Nf4 20. Qe1 Bd6 {Black tries consolidating his centre, but now ...g6 can
certainly be considered a weakening move.} 21. Rb1 ({A massive central
approach, involving an exchange sacrifice, was possible:} 21. c4 $5 Nc6 22. Nd5
Ne6 23. Be3 Ncd4 24. Nxd4 exd4 {[%cal Gd6e5,Ge5a1]} 25. Rxd4 $5 Nxd4 26. Bxd4
Be5 27. Bxe5 Rxe5 28. Qc3 Re6 29. Rd1 c6 30. Ne3 {[%cal Ge3g4,Ge4e5]} h5 31. c5
Qe7 32. Nc4 $14 {[%cal Gc4d6] The d6-knight will not be weaker than any of
Black's rooks.}) 21... f6 (21... Rb8 $5 {looks like a reasonable attempt to
reduce the pressure.}) 22. h4 $1 $16 {[%cal Gg2g3] Black starts losing ground.}
(22. c4 $5 {remains a possibility.}) 22... Rf8 23. g3 Ne6 24. Nd5 {White has
got the d5-square for his knight, without giving up the control of the
d4-square.} Qe8 25. Qe2 Bxa4 {This pawn costs Black a lot of time.} 26. Bxa4
Qxa4 27. Bh6 Rf7 28. Nh2 $1 Nb3 (28... f5 29. exf5 gxf5 30. Nb6 $1 cxb6 31.
Rxd6 $16) (28... Qe8 29. Ng4 Be7 (29... Qd8 30. Ndxf6+ $1 Rxf6 31. Qa2 Nc6 32.
Bg5 $18) 30. Be3 Kg7 (30... Kh8) 31. h5 $40) 29. Ng4 $16 Nbc5 30. Ngxf6+ Kh8
31. h5 g5 {White should be close to winning by this moment, but Ivanchuk
starts complicating his task.} 32. Rb4 (32. Qg4 $5 {[%cal Gg4f5]}) 32... Qa3
33. Rdb1 $2 (33. Ng4 $5) 33... c6 $1 34. Ng4 $5 (34. Nb6 Rxf6 35. Nxa8 Rxh6)
34... cxd5 35. exd5 Qxc3 $6 {After this, things will gradually re-enter the
previous paths.} (35... Ng7 36. Nxe5 {[%cal Ge5c4,Ge5f7] White has strong
compensation, but possibly not an advantage.} Re7 $8 37. Qf3 Bxe5 (37... Rxe5
$2 38. Rb8+ $3 {[%csl Gf8]} Re8 $8 39. Qf7 $18) 38. d6 Ree8 39. Qxa8 Rxa8 40.
Rb8+ Ne8 41. Rxa8 Qa4 42. Rbb8 Qd1+ $11) 36. dxe6 Nxe6 37. Rc4 Qa5 38. Qe4 Rd8
39. Rc6 $16 {White is a pawn down, but Black's pieces are too vulnerable.} Qd2
40. Qc4 Re7 41. Rbb6 (41. Ne3 $5 Rf7 $140 42. Rf1 $18) 41... e4 42. Kg2 e3 43.
Nxe3 Bxg3 44. Kxg3 Nd4 45. Kg2 Nxc6 46. Rxc6 Qd7 47. Ng4 Qf5 48. Qc3+ Kg8 49.
Nf6+ Kf7 50. Qc4+ Re6 51. Rc7+ Kxf6 52. Bg7# 1-0